[Event "Perth AUS Open"]
[Site "?"]
[Date "2023.01.05"]
[Round "5.30"]
[White "Phillips, Max"]
[Black "King, David"]
[Result "1-0"]
[WhiteElo "1506"]
[BlackElo "1740"]
[PlyCount "75"]
[EventDate "2023.01.??"]
[EventRounds "11"]
[EventCountry "AUS"]
[SourceVersionDate "2023.01.02"]

1. e4 e5 2. Nf3 Nc6 3. Bb5 a6 4. Ba4 Nf6 5. O-O Be7 6. Re1 b5 7. Bb3 d6 8. h3 O-O 9. a4 b4 10. c3 Rb8 11. d4 h6 12. Nbd2 Re8 13. Nc4 exd4 14. cxd4 d5 15. exd5 Nxd5 16. Nfe5 Nxe5 17. Nxe5 Rb6 18. Qf3 Be6 19. a5 Rb7 20. Ba4 Rf8 21. Nc6 Qa8 22. Bb3 Bd6 23. Bxd5 Bxd5 24. Qxd5 Re8 25. Ne5 Re6 26. Bd2 Qc8 27. Nc4 Rb5 28. Nxd6 Rxd6 29. Qc4 Qd7 30. Bf4 Rxd4 31. Qxc7 Qf5 32. Re8+ Kh7 33. Be3 Rdd5 34. Re7 Kg6 35. Rc1 Rxa5 36. Rc6+ Kh7 37. Rxh6+ gxh6 38. Rxf7+ 1-0

[Event "Perth AUS Open"]
[Site "?"]
[Date "2023.01.05"]
[Round "5.32"]
[White "Wolstencroft, Alan"]
[Black "Solomontchik, Daniel"]
[Result "0-1"]
[WhiteElo "1702"]
[BlackElo "1452"]
[PlyCount "118"]
[EventDate "2023.01.??"]
[EventRounds "11"]
[EventCountry "AUS"]
[SourceVersionDate "2023.01.02"]

1. e4 d5 2. exd5 Qxd5 3. Nc3 Qe5+ 4. Qe2 Qxe2+ 5. Bxe2 Bf5 6. d3 Nc6 7. Bf4 e5 8. Bd2 O-O-O 9. O-O-O Nf6 10. h3 Bc5 11. g4 Be6 12. f4 Nd5 13. f5 Nxc3 14. Bxc3 Bd5 15. Rh2 Be3+ 16. Kb1 Bf4 17. Rf2 Bg3 18. Rf3 Bxf3 19. Bxf3 Nd4 20. Bg2 Bf2 21. Nf3 Nxf3 22. Bxf3 Bd4 23. Bd2 f6 24. c3 Bb6 25. Kc2 c6 26. Re1 Rd7 27. Be3 Kc7 28. Bxb6+ axb6 29. Be4 h5 30. Rg1 hxg4 31. hxg4 Rh2+ 32. Kb3 Kd6 33. g5 Ke7 34. gxf6+ gxf6 35. Rg7+ Ke8 36. Rxd7 Kxd7 37. c4 Kd6 38. Kc3 Rf2 39. a3 Kc7 40. Kb3 Kb8 41. Kc3 Ka7 42. b4 Ka6 43. Kb3 b5 44. c5 Ka7 45. Kc3 Kb8 46. Kb3 Kc7 47. Kc3 Rf1 48. Kb3 Kd7 49. Kb2 Ke7 50. Kb3 Rf4 51. a4 Rxe4 52. dxe4 Kf7 53. axb5 cxb5 54. Kc3 Kg7 55. Kd3 Kh6 56. Ke2 Kg5 57. Kf3 Kh4 58. Kf2 Kg4 59. Ke3 Kg3 0-1

[Event "Perth AUS Open"]
[Site "?"]
[Date "2023.01.05"]
[Round "5.34"]
[White "Hernandez Mendez, Iker"]
[Black "Chen, Angus"]
[Result "1-0"]
[WhiteElo "1611"]
[BlackElo "1394"]
[PlyCount "57"]
[EventDate "2023.01.??"]
[EventRounds "11"]
[EventCountry "AUS"]
[SourceVersionDate "2023.01.02"]

1. e4 e5 2. Nf3 Nf6 3. Nxe5 d6 4. Nf3 Nxe4 5. Nc3 d5 6. Qe2 Be7 7. Nxe4 dxe4 8. Qxe4 O-O 9. Bc4 Re8 10. O-O Bf6 11. Qf4 b6 12. d4 Qd7 13. c3 Bb7 14. Qg3 Qc6 15. Bd3 Nd7 16. Bf4 Rac8 17. Rfe1 Rxe1+ 18. Rxe1 b5 19. Be4 Qb6 20. Bxh7+ Kxh7 21. Qh3+ Kg8 22. Qxd7 Qc6 23. Qh3 Qc4 24. a3 Qb3 25. Bc1 Rd8 26. Ng5 Qc2 27. Qg3 Qf5 28. Qxc7 Bd5 29. Qxd8+ 1-0

[Event "Perth AUS Open"]
[Site "?"]
[Date "2023.01.05"]
[Round "5.38"]
[White "Manganas, Alexander"]
[Black "Dagza, Ben"]
[Result "0-1"]
[WhiteElo "1155"]
[BlackElo "1726"]
[PlyCount "76"]
[EventDate "2023.01.??"]
[EventRounds "11"]
[EventCountry "AUS"]
[SourceVersionDate "2023.01.02"]

1. e4 d6 2. d4 Nf6 3. Nc3 c6 4. f4 Qa5 5. Bd2 Qc7 6. Nf3 Bg4 7. a4 e5 8. dxe5 dxe5 9. f5 Bc5 10. h3 Bxf3 11. Qxf3 Qb6 12. a5 Qc7 13. Na4 Be7 14. Be2 b5 15. axb6 axb6 16. O-O Nbd7 17. Nc3 O-O 18. Rxa8 Rxa8 19. g4 h6 20. h4 Nh7 21. Kg2 Bxh4 22. Rh1 Bg5 23. Be1 Bf4 24. Bc4 Ng5 25. Qf2 Nf6 26. Bd3 Nxg4 27. Qh4 Ne3+ 28. Kf2 Qd6 29. Ke2 b5 30. b3 Ra1 31. Rg1 b4 32. Na4 c5 33. Bf2 Rxg1 34. Bxg1 Nxc2 35. Bxc5 Nd4+ 36. Kf1 Qd8 37. Bc4 Nxb3 38. Qe1 Nd2+ 0-1

[Event "Perth AUS Open"]
[Site "?"]
[Date "2023.01.05"]
[Round "5.39"]
[White "Wolffs, Walter"]
[Black "Yeung, Evan"]
[Result "1-0"]
[WhiteElo "1383"]
[BlackElo "1608"]
[PlyCount "75"]
[EventDate "2023.01.??"]
[EventRounds "11"]
[EventCountry "AUS"]
[SourceVersionDate "2023.01.02"]

1. e4 c6 2. d3 d5 3. Nd2 dxe4 4. dxe4 Nd7 5. Ngf3 Ngf6 6. e5 Nd5 7. e6 fxe6 8. Nc4 N7f6 9. Nfe5 Qc7 10. f4 Bd7 11. a4 c5 12. Na3 a6 13. Bd2 g6 14. Nac4 Bg7 15. Be2 Bc6 16. Ba5 b6 17. Bxb6 Nxb6 18. Nxb6 Qxb6 19. Nxc6 Qxc6 20. Bf3 Qc8 21. Bxa8 Qxa8 22. O-O O-O 23. Qe2 Ne4 24. c3 Bh6 25. Rae1 Nf6 26. Qxe6+ Kh8 27. Qxe7 c4 28. Qc5 Rc8 29. Qd4 Bg7 30. Re7 Rd8 31. Qxc4 Rd2 32. Re2 Rd8 33. Rfe1 Rc8 34. Qe6 Qb8 35. Qxa6 Rd8 36. Qc4 Ng4 37. Qf7 Nh6 38. Re8+ 1-0

[Event "Perth AUS Open"]
[Site "?"]
[Date "2023.01.05"]
[Round "5.40"]
[White "McAteer, Ian"]
[Black "Li, Ian"]
[Result "1-0"]
[WhiteElo "1605"]
[BlackElo "1341"]
[PlyCount "69"]
[EventDate "2023.01.??"]
[EventRounds "11"]
[EventCountry "AUS"]
[SourceVersionDate "2023.01.02"]

1. e4 e6 2. d4 d5 3. e5 c5 4. c3 Nc6 5. Nf3 Qb6 6. Bd3 cxd4 7. cxd4 Bd7 8. Nbd2 Nxd4 9. O-O Nc6 10. Nb3 Nge7 11. Be3 Qc7 12. Rc1 Ng6 13. Bxg6 hxg6 14. Bf4 Be7 15. Bg3 Qb6 16. Re1 Na5 17. Nxa5 Qxa5 18. a3 Qb6 19. Qd2 a6 20. b4 Qa7 21. Qf4 Rh5 22. Qd2 Bb5 23. Bf4 Bd8 24. g4 Rh8 25. Be3 Bb6 26. Kg2 Bxe3 27. Rxe3 Bc4 28. Ng5 d4 29. Ree1 Bd5+ 30. f3 b5 31. Rc5 Rd8 32. Rec1 Bc4 33. Ne4 Qb8 34. Qf4 Rd7 35. Nd6+ 1-0

[Event "Perth AUS Open"]
[Site "?"]
[Date "2023.01.05"]
[Round "5.41"]
[White "Rice, Lauren"]
[Black "Sheridan, Wallace"]
[Result "1/2-1/2"]
[WhiteElo "1594"]
[BlackElo "1461"]
[PlyCount "101"]
[EventDate "2023.01.??"]
[EventRounds "11"]
[EventCountry "AUS"]
[SourceVersionDate "2023.01.02"]

1. d4 d5 2. c4 e6 3. Nf3 Nf6 4. g3 Bb4+ 5. Bd2 Be7 6. Qc2 Nbd7 7. Bg2 O-O 8. O-O c6 9. Nc3 dxc4 10. a4 a5 11. e4 Nb6 12. Rad1 h6 13. Bf4 Bb4 14. Ne2 Qe7 15. Ne5 c5 16. Nxc4 Nxc4 17. Qxc4 cxd4 18. Nxd4 e5 19. Bxh6 exd4 20. Bg5 Bg4 21. Rxd4 Rac8 22. Qb3 Qe5 23. Bxf6 Qxf6 24. e5 Qe6 25. Bd5 Qg6 26. Be4 Bf5 27. Bxb7 Be6 28. Qf3 Rc7 29. Be4 Qg5 30. Bd3 g6 31. Qe2 Bh3 32. Rd1 Rc1 33. Bc4 Rxd1+ 34. Rxd1 Rd8 35. Rxd8+ Qxd8 36. g4 Qd4 37. Bxf7+ Kxf7 38. Qf3+ Kg7 39. Qxh3 Qxe5 40. Qd3 Qd6 41. Qe4 Qf6 42. b3 Qc3 43. Qd5 Bc5 44. Kg2 Qd4 45. Qf3 Bd6 46. g5 Qe5 47. Qb7+ Bc7 48. h4 Qh2+ 49. Kf1 Qd6 50. Kg2 Qh2+ 51. Kf1 1/2-1/2

[Event "Perth AUS Open"]
[Site "?"]
[Date "2023.01.05"]
[Round "5.43"]
[White "De Vas, Yonal"]
[Black "Brown, Greg"]
[Result "1-0"]
[WhiteElo "1558"]
[BlackElo "1312"]
[PlyCount "91"]
[EventDate "2023.01.??"]
[EventRounds "11"]
[EventCountry "AUS"]
[SourceVersionDate "2023.01.02"]

1. d4 d5 2. c4 Nf6 3. g3 c6 4. Bg2 Bf5 5. Nc3 e6 6. cxd5 exd5 7. Nf3 Bd6 8. O-O O-O 9. Re1 Re8 10. Bg5 h6 11. Bxf6 Qxf6 12. Qa4 Nd7 13. Nh4 Nb6 14. Qb3 Bd7 15. Nf3 Bc7 16. e4 dxe4 17. Nxe4 Qd8 18. Nc5 Rb8 19. Rxe8+ Bxe8 20. Re1 Bd7 21. Qe3 Nd5 22. Qe2 Bf5 23. Nh4 Bd7 24. Bxd5 cxd5 25. Qe7 Bc6 26. Nf5 Qxe7 27. Nxe7+ Kh7 28. Nxc6 bxc6 29. Na6 Rc8 30. Re7 Bb6 31. Nc5 Kg6 32. f4 Rc7 33. Rxc7 Bxc7 34. Nd7 Kf5 35. Ne5 Bxe5 36. dxe5 Ke4 37. Kf1 Kd3 38. f5 d4 39. e6 fxe6 40. fxe6 Kc2 41. e7 d3 42. e8=Q d2 43. Qe2 Kc1 44. Qe3 Kc2 45. Qc3+ Kd1 46. Kf2 1-0

[Event "Perth AUS Open"]
[Site "?"]
[Date "2023.01.05"]
[Round "5.44"]
[White "Raptis, Liam"]
[Black "Andador, Dominador"]
[Result "1-0"]
[WhiteElo "1436"]
[BlackElo "1886"]
[PlyCount "63"]
[EventDate "2023.01.??"]
[EventRounds "11"]
[EventCountry "AUS"]
[SourceVersionDate "2023.01.02"]

1. d4 Nf6 2. c4 d5 3. Nc3 c6 4. Bf4 Bf5 5. Nf3 e6 6. a3 Nbd7 7. e3 Be7 8. Be2 Nh5 9. Bg3 Nxg3 10. hxg3 h6 11. c5 Bf6 12. Bd3 Qa5 13. b4 Qc7 14. Bxf5 exf5 15. Qd3 g6 16. O-O h5 17. Rfc1 h4 18. Ne2 Nf8 19. Nf4 hxg3 20. fxg3 Qd7 21. Kf2 O-O-O 22. a4 Re8 23. b5 Ne6 24. a5 Nxf4 25. gxf4 Re6 26. Rcb1 Rhe8 27. Ne5 Bxe5 28. fxe5 f6 29. bxc6 Rxc6 30. a6 bxa6 31. Rxa6 fxe5 32. Qb5 1-0

[Event "Perth AUS Open"]
[Site "?"]
[Date "2023.01.05"]
[Round "5.45"]
[White "Lawes, Alexander"]
[Black "Allison, Brian C"]
[Result "1-0"]
[WhiteElo "1407"]
[BlackElo "1624"]
[PlyCount "71"]
[EventDate "2023.01.??"]
[EventRounds "11"]
[EventCountry "AUS"]
[SourceVersionDate "2023.01.02"]

1. e4 d5 2. exd5 Nf6 3. d4 Qxd5 4. Nc3 Qd6 5. Nf3 Bg4 6. Be2 Nc6 7. Nb5 Qd7 8. d5 Nxd5 9. Qxd5 O-O-O 10. Qxd7+ Rxd7 11. O-O a6 12. Na3 e5 13. h3 Bf5 14. c3 e4 15. Nh4 Be6 16. Kh2 f6 17. g3 g5 18. Ng2 Ne5 19. Nc2 h5 20. Nd4 Bg8 21. Ne3 c5 22. Ndf5 Be6 23. Kg2 Nd3 24. Rd1 h4 25. Bxd3 exd3 26. g4 c4 27. Nd4 Bf7 28. b3 b5 29. a4 Kb7 30. axb5 axb5 31. Nxb5 Bc5 32. Nxc4 Rf8 33. Ba3 Bxa3 34. Rxa3 Kc6 35. Nd4+ Kb7 36. Rxd3 1-0

[Event "Perth AUS Open"]
[Site "?"]
[Date "2023.01.05"]
[Round "5.46"]
[White "Umasankar, Naveen Ramnat"]
[Black "Moseley, Paul"]
[Result "1-0"]
[WhiteElo "1573"]
[BlackElo "1357"]
[PlyCount "61"]
[EventDate "2023.01.??"]
[EventRounds "11"]
[EventCountry "AUS"]
[SourceVersionDate "2023.01.02"]

1. e4 c5 2. d4 cxd4 3. c3 dxc3 4. Nxc3 Nc6 5. Nf3 d6 6. Bc4 Bg4 7. Bxf7+ Kd7 8. h3 Bxf3 9. Qxf3 e6 10. e5 Rb8 11. Bf4 g5 12. Qg4 Qe7 13. Bxg8 gxf4 14. exd6 Qe8 15. Ne4 Qg6 16. Bxe6+ Kd8 17. Qh4+ Be7 18. dxe7+ Kc7 19. Qxf4+ Kb6 20. Qe3+ Kc7 21. Qg3+ Kb6 22. Qxg6 hxg6 23. O-O Nxe7 24. Rfd1 a6 25. Rac1 Nc6 26. Bd5 Rhd8 27. Bxc6 bxc6 28. Nf6 Kc7 29. b3 Rb5 30. Rxd8 Kxd8 31. Rxc6 1-0

[Event "Perth AUS Open"]
[Site "?"]
[Date "2023.01.05"]
[Round "5.47"]
[White "Ong, Celine"]
[Black "Stokes, Mark C"]
[Result "1-0"]
[WhiteElo "1376"]
[BlackElo "1569"]
[PlyCount "69"]
[EventDate "2023.01.??"]
[EventRounds "11"]
[EventCountry "AUS"]
[SourceVersionDate "2023.01.02"]

1. e4 d5 2. exd5 Qxd5 3. Nc3 Qd8 4. d4 Nf6 5. Nf3 Bf5 6. Bc4 c6 7. Bg5 e6 8. Qe2 Be7 9. O-O-O O-O 10. Nh4 Bg6 11. Nxg6 hxg6 12. h4 b5 13. Bb3 a5 14. a4 b4 15. Ne4 Nxe4 16. Bxe7 Qxe7 17. Qxe4 Rc8 18. h5 g5 19. h6 Qf6 20. hxg7 Qxg7 21. Rh5 Nd7 22. Rdh1 Kf8 23. Qe3 c5 24. dxc5 Nxc5 25. Bd5 Nxa4 26. Rh8+ Ke7 27. Bxa8 Qxb2+ 28. Kd1 Qxc2+ 29. Ke1 Qb1+ 30. Ke2 Rc2+ 31. Kf3 g4+ 32. Kg3 Qb2 33. Qg5+ f6 34. R8h7+ Kd6 35. Rd1+ 1-0

[Event "Perth AUS Open"]
[Site "?"]
[Date "2023.01.05"]
[Round "5.50"]
[White "Milner, Anthony James"]
[Black "Huang Hui"]
[Result "0-1"]
[WhiteElo "1102"]
[BlackElo "1514"]
[PlyCount "100"]
[EventDate "2023.01.??"]
[EventRounds "11"]
[EventCountry "AUS"]
[SourceVersionDate "2023.01.02"]

1. e4 Nf6 2. e5 Nd5 3. d4 d6 4. f4 dxe5 5. dxe5 Bf5 6. Bd3 Bxd3 7. cxd3 Nb4 8. d4 Qxd4 9. Qxd4 Nc2+ 10. Kf2 Nxd4 11. Nc3 Nbc6 12. Nge2 Nxe2 13. Nxe2 O-O-O 14. Be3 e6 15. a3 Be7 16. Rhd1 b6 17. Rac1 Kb7 18. b4 a6 19. Nd4 Nxd4 20. Bxd4 Rd5 21. Rd2 Rhd8 22. Rdc2 R8d7 23. Be3 Rd3 24. Rc3 Rxc3 25. Rxc3 Rd5 26. Ke2 c5 27. bxc5 Bxc5 28. Bxc5 Rxc5 29. Rxc5 bxc5 30. Kd3 Kc6 31. Kc4 a5 32. g4 g6 33. g5 a4 34. h3 Kb6 35. h4 Kc6 36. Kc3 Kd5 37. Kb2 Kd4 38. Kc2 Kc4 39. Kd2 Kb3 40. Kd3 c4+ 41. Kd2 Kb2 42. Ke3 c3 43. Kd4 c2 44. Kc5 c1=Q+ 45. Kd6 Qc8 46. Ke7 Qc7+ 47. Kf6 Kxa3 48. Kg7 Kb3 49. Kxh7 a3 50. Kh6 a2 0-1

[Event "Perth AUS Open"]
[Site "?"]
[Date "2023.01.05"]
[Round "6.2"]
[White "Kuybokarov, Temur"]
[Black "Vo, Thi Kim Phung"]
[Result "1-0"]
[WhiteElo "2558"]
[BlackElo "2343"]
[PlyCount "103"]
[EventDate "2023.01.??"]
[EventRounds "11"]
[EventCountry "AUS"]
[SourceVersionDate "2023.01.02"]

1. e4 e6 2. d4 d5 3. Nc3 Bb4 4. e5 Ne7 5. a3 Bxc3+ 6. bxc3 c5 7. Qg4 O-O 8. Bd3 c4 9. Bh6 Ng6 10. Bxg6 fxg6 11. Be3 Qe8 12. h4 Qf7 13. Nh3 Nc6 14. Ng5 Qe8 15. h5 h6 16. Nh3 gxh5 17. Qe2 Ne7 18. Nf4 g6 19. g4 Bd7 20. Kd2 Rf7 21. gxh5 g5 22. Ng6 Rg7 23. f4 Nxg6 24. hxg6 Qxg6 25. fxg5 Ba4 26. Kc1 hxg5 27. Kb2 Rf8 28. Rag1 Qe4 29. Qh2 Qxe3 30. Qh8+ Kf7 31. Rf1+ Qf4 32. Qh6 Rg6 33. Rxf4+ gxf4 34. Qxf4+ Ke8 35. Qh2 Rfg8 36. Qh7 R8g7 37. Qh5 Kd8 38. Rf1 Rg2 39. Qh8+ Kc7 40. Qf8 b6 41. Qd6+ Kb7 42. Qxe6 Rxc2+ 43. Kb1 Ka6 44. Qc8+ Ka5 45. Qf8 Rxc3 46. Qxg7 Rb3+ 47. Ka2 a6 48. Qg2 Bc6 49. Rf3 Rb5 50. e6 Be8 51. e7 Bh5 52. Rf5 1-0

[Event "Perth AUS Open"]
[Site "?"]
[Date "2023.01.05"]
[Round "6.3"]
[White "Li Hui"]
[Black "Nguyen Hong Anh"]
[Result "1/2-1/2"]
[WhiteElo "1956"]
[BlackElo "1954"]
[PlyCount "158"]
[EventDate "2023.01.??"]
[EventRounds "11"]
[EventCountry "AUS"]
[SourceVersionDate "2023.01.02"]

1. e4 c5 2. Nf3 Nc6 3. d4 cxd4 4. Nxd4 g6 5. Nc3 Bg7 6. Be3 Nf6 7. Bc4 d6 8. h3 O-O 9. O-O Bd7 10. Bb3 Rc8 11. Nf3 a6 12. Qd2 Qa5 13. Bh6 Qh5 14. Bxg7 Kxg7 15. Qe3 Ne5 16. Nxe5 Qxe5 17. Rad1 Be6 18. Bxe6 fxe6 19. Qd4 Qxd4 20. Rxd4 Nd7 21. f4 Nc5 22. g3 Rc6 23. Re1 h6 24. Kg2 b5 25. Re2 Rfc8 26. a3 Nd7 27. a4 Rb8 28. axb5 axb5 29. Rb4 Rc5 30. Re1 Rc4 31. Rxc4 bxc4 32. Nd1 Nc5 33. c3 Kf7 34. Kf3 d5 35. exd5 exd5 36. Re2 e6 37. Ne3 Nd3 38. Nd1 Ra8 39. Rd2 Nc5 40. g4 Kf6 41. Ne3 Ne4 42. Rd1 Nd6 43. Rd2 Ra2 44. Re2 Ra1 45. Rd2 Rc1 46. Rd1 Rxd1 47. Nxd1 g5 48. fxg5+ hxg5 49. Ne3 Nf7 50. Ng2 Ne5+ 51. Ke3 Ng6 52. Kf3 Ke5 53. Ke3 Kf6 54. Kf3 e5 55. Ne3 Ke6 56. Nf5 Nf4 57. h4 gxh4 58. Nxh4 Nd3 59. Ke3 Nxb2 60. Nf3 Nd1+ 61. Kd2 Nf2 62. g5 Ng4 63. Nh4 e4 64. Ng6 Kd6 65. Nf4 Ke5 66. Ng6+ Ke6 67. Nf4+ Kd6 68. g6 Nf6 69. g7 Ke5 70. Ke3 Ng8 71. Ng6+ Kf6 72. Nf4 Ke5 73. Ng6+ Kd6 74. Nf4 Nh6 75. Kd2 e3+ 76. Ke2 Ke5 77. Ng2 d4 78. cxd4+ Kxd4 79. Nxe3 Ng8 1/2-1/2

[Event "Perth AUS Open"]
[Site "?"]
[Date "2023.01.05"]
[Round "6.4"]
[White "Johansen, Darryl K"]
[Black "Jordan, William"]
[Result "1-0"]
[WhiteElo "2360"]
[BlackElo "2181"]
[PlyCount "79"]
[EventDate "2023.01.??"]
[EventRounds "11"]
[EventCountry "AUS"]
[SourceVersionDate "2023.01.02"]

1. c4 Nf6 2. Nf3 g6 3. Nc3 d5 4. cxd5 Nxd5 5. Qa4+ c6 6. Qd4 f6 7. e4 Nxc3 8. Qxc3 e5 9. d4 a5 10. Qe3 Bg4 11. dxe5 Bxf3 12. Qxf3 Bb4+ 13. Ke2 fxe5 14. Qb3 Nd7 15. Be3 Qe7 16. Rd1 a4 17. Qc4 a3 18. b3 O-O-O 19. g3 Bc5 20. Rxd7 Qxd7 21. Bxc5 Qd1+ 22. Ke3 Qd2+ 23. Kf3 Kb8 24. Bh3 b5 25. Qc1 Qxa2 26. Kg2 Rd3 27. Qg5 Re8 28. Qf6 Qe2 29. Ra1 Qxe4+ 30. Kg1 Red8 31. Bxa3 Rd1+ 32. Bf1 R8d7 33. Rxd1 Rxd1 34. Bd6+ Kb7 35. Qe7+ Ka6 36. Bc5 Rxf1+ 37. Kxf1 Qh1+ 38. Ke2 Qe4+ 39. Kd2 Qd5+ 40. Kc1 1-0

[Event "Perth AUS Open"]
[Site "?"]
[Date "2023.01.05"]
[Round "6.5"]
[White "Liu, Yi"]
[Black "Bassig, Hamish"]
[Result "1-0"]
[WhiteElo "2303"]
[BlackElo "1973"]
[PlyCount "83"]
[EventDate "2023.01.??"]
[EventRounds "11"]
[EventCountry "AUS"]
[SourceVersionDate "2023.01.02"]

1. d4 d5 2. Nf3 Nf6 3. c3 e6 4. Bf4 Bd6 5. e3 O-O 6. Nbd2 c5 7. Ne5 Qc7 8. Bd3 b6 9. g4 Ba6 10. Bc2 Nc6 11. Nxc6 Qxc6 12. Qf3 Rfe8 13. O-O-O cxd4 14. exd4 Be2 15. Qxe2 Bxf4 16. Qf3 Qc7 17. Rhg1 b5 18. g5 Nd7 19. Rg4 Bxd2+ 20. Rxd2 Nf8 21. h4 b4 22. cxb4 Rab8 23. a3 a5 24. bxa5 Qxa5 25. b4 Qc7 26. Qg3 e5 27. dxe5 Re6 28. Rgd4 Rc6 29. Rxd5 Rc8 30. Qb3 Rc3 31. Qb2 Ne6 32. Kb1 Rh3 33. Bf5 Rh1+ 34. Rd1 Rxh4 35. Bxe6 fxe6 36. Rc5 Qb7 37. Rxc8+ Qxc8 38. Qd2 Qc4 39. Qd3 Qf4 40. Qd8+ Kf7 41. Rd7+ Kg6 42. Qe8+ 1-0

[Event "Perth AUS Open"]
[Site "?"]
[Date "2023.01.05"]
[Round "6.6"]
[White "Wallis, Christopher"]
[Black "Salasan, Haran"]
[Result "1-0"]
[WhiteElo "2313"]
[BlackElo "2002"]
[PlyCount "73"]
[EventDate "2023.01.??"]
[EventRounds "11"]
[EventCountry "AUS"]
[SourceVersionDate "2023.01.02"]

1. d4 d5 2. c4 c6 3. Nf3 Nf6 4. Qc2 e6 5. Nbd2 Nbd7 6. g3 Bd6 7. Bg2 O-O 8. O-O e5 9. cxd5 cxd5 10. dxe5 Nxe5 11. Nxe5 Bxe5 12. Nf3 Bd6 13. Be3 Be6 14. Bd4 Rc8 15. Qb3 b6 16. Rfc1 Bc5 17. e3 Qe7 18. Ne5 Bxd4 19. exd4 Qd6 20. a3 Rc7 21. Qd1 Rfc8 22. Bf1 Nd7 23. Rxc7 Rxc7 24. Ng4 Qc6 25. Ne3 Nf6 26. Bd3 h6 27. h4 h5 28. Qd2 Qd7 29. Re1 Ng4 30. Nxg4 Bxg4 31. Qg5 g6 32. f3 Bxf3 33. Bxg6 Qg4 34. Re8+ Kg7 35. Qe5+ Kh6 36. Qh8+ Kxg6 37. Rg8+ 1-0

[Event "Perth AUS Open"]
[Site "?"]
[Date "2023.01.05"]
[Round "6.7"]
[White "Li, Tedric"]
[Black "Stojic, Dusan"]
[Result "0-1"]
[WhiteElo "1688"]
[BlackElo "2219"]
[PlyCount "102"]
[EventDate "2023.01.??"]
[EventRounds "11"]
[EventCountry "AUS"]
[SourceVersionDate "2023.01.02"]

1. d4 Nf6 2. c4 g6 3. Nc3 d5 4. cxd5 Nxd5 5. e4 Nxc3 6. bxc3 Bg7 7. Nf3 c5 8. Rb1 O-O 9. Be2 b6 10. O-O Bb7 11. Qd3 Qc7 12. Be3 Ba6 13. Qd2 Bxe2 14. Qxe2 Nd7 15. Rfd1 e6 16. Rbc1 Rac8 17. Ne1 Rfe8 18. f3 Qc6 19. Qa6 f5 20. e5 c4 21. Rb1 Bf8 22. a4 Rc7 23. Nc2 Nb8 24. Qb5 Rd8 25. Bc1 Rd5 26. Qxc6 Nxc6 27. Rb5 Ne7 28. Nb4 Rxb5 29. axb5 Nd5 30. Nxd5 exd5 31. Bb2 Kf7 32. Kf2 Ke6 33. Ra1 h5 34. Ba3 Bh6 35. Bd6 Rb7 36. Ra2 Bc1 37. Kg3 g5 38. Kf2 g4 39. Bb4 Bg5 40. Ra1 h4 41. fxg4 fxg4 42. Ke2 Rf7 43. Rf1 Rxf1 44. Kxf1 h3 45. g3 Kf5 46. Ke2 Bc1 47. Bd6 Ke6 48. Bb8 Kd7 49. e6+ Ke7 50. Bxa7 Bf4 51. Kf2 Bc7 0-1

[Event "Perth AUS Open"]
[Site "?"]
[Date "2023.01.05"]
[Round "6.8"]
[White "Saxon, Marc"]
[Black "Fu Yihe, Rebo"]
[Result "0-1"]
[WhiteElo "1813"]
[BlackElo "2149"]
[PlyCount "48"]
[EventDate "2023.01.??"]
[EventRounds "11"]
[EventCountry "AUS"]
[SourceVersionDate "2023.01.02"]

1. e4 c5 2. Nf3 e6 3. d4 cxd4 4. Nxd4 Nc6 5. Nb5 Nf6 6. Bf4 e5 7. Bg5 d6 8. Nd2 a6 9. Nc3 Be7 10. a4 Be6 11. Bxf6 Bxf6 12. Bc4 O-O 13. O-O Rc8 14. Bxe6 fxe6 15. Nc4 Nd4 16. Ne3 Bg5 17. Qd3 Qe8 18. Nc4 Qh5 19. Rae1 Rf3 20. gxf3 Nxf3+ 21. Qxf3 Qxf3 22. Ne3 Bf4 23. Ng2 Rf8 24. Ne2 Bd2 0-1

[Event "Perth AUS Open"]
[Site "?"]
[Date "2023.01.05"]
[Round "6.9"]
[White "Kargosha, Bahman"]
[Black "Young, Micah"]
[Result "1/2-1/2"]
[WhiteElo "2096"]
[BlackElo "1845"]
[PlyCount "52"]
[EventDate "2023.01.??"]
[EventRounds "11"]
[EventCountry "AUS"]
[SourceVersionDate "2023.01.02"]

1. d4 f5 2. Nc3 Nf6 3. Bg5 g6 4. Bxf6 exf6 5. h4 h5 6. e3 d5 7. Bd3 Be6 8. Nge2 c6 9. Nf4 Bf7 10. Qd2 Bd6 11. g3 Nd7 12. a3 b5 13. Be2 Qe7 14. a4 bxa4 15. Nxa4 O-O 16. Nd3 Rfc8 17. O-O g5 18. Kg2 Nb6 19. b3 Nxa4 20. bxa4 c5 21. dxc5 Bxc5 22. Nxc5 Qxc5 23. Rfd1 Qxc2 24. Qxc2 Rxc2 25. Bd3 Rb2 26. Bxf5 Re8 1/2-1/2

[Event "Perth AUS Open"]
[Site "?"]
[Date "2023.01.05"]
[Round "6.10"]
[White "Weller, Tony"]
[Black "Qi, Mars"]
[Result "0-1"]
[WhiteElo "1639"]
[BlackElo "2087"]
[PlyCount "76"]
[EventDate "2023.01.??"]
[EventRounds "11"]
[EventCountry "AUS"]
[SourceVersionDate "2023.01.02"]

1. c4 g6 2. Nc3 c5 3. g3 Bg7 4. Bg2 Nc6 5. Nf3 d6 6. O-O Bd7 7. d3 a6 8. Rb1 Rb8 9. Bd2 b5 10. b3 b4 11. Nd5 e6 12. Ne3 Nge7 13. Qc1 a5 14. Ng4 h5 15. Nh6 Nc8 16. h4 Qe7 17. g4 hxg4 18. Nxg4 Nd4 19. Nxd4 cxd4 20. Bg5 f6 21. Bh6 Bxh6 22. Nxh6 Qh7 23. Ng4 Qxh4 24. Qf4 f5 25. Qxd4 e5 26. Nf6+ Qxf6 27. Qd5 Qh4 28. f4 Qh2+ 29. Kf2 Qxf4+ 30. Ke1 Qd4 31. Qxa5 Rh2 32. Bf3 e4 33. dxe4 fxe4 34. Bxe4 Qxe4 35. Rb2 Bg4 36. Rf8+ Kxf8 37. Qd8+ Kf7 38. Qc7+ Ne7 0-1

[Event "Perth AUS Open"]
[Site "?"]
[Date "2023.01.05"]
[Round "6.12"]
[White "Hare, Tim"]
[Black "Tan Zhong Kai"]
[Result "0-1"]
[WhiteElo "2017"]
[BlackElo "1923"]
[PlyCount "82"]
[EventDate "2023.01.??"]
[EventRounds "11"]
[EventCountry "AUS"]
[SourceVersionDate "2023.01.02"]

1. Nf3 c5 2. g3 g6 3. Bg2 Bg7 4. d3 Nc6 5. c3 e5 6. O-O Nge7 7. e4 d6 8. Nbd2 h6 9. a3 O-O 10. b4 b6 11. b5 Na5 12. c4 Be6 13. Bb2 f5 14. Qc2 f4 15. Bc3 g5 16. Bxa5 bxa5 17. Ne1 Ng6 18. Nb1 g4 19. f3 h5 20. Nc3 h4 21. fxg4 hxg3 22. h3 Nh4 23. Nf3 Kf7 24. Nd5 Rh8 25. Qe2 Bf6 26. Rab1 Rb8 27. Rb2 Kg6 28. Rfb1 Rb7 29. Nxh4+ Rxh4 30. Qf3 Kg5 31. b6 axb6 32. Rxb6 Rxb6 33. Nxb6 Rxg4 34. Nd5 Rh4 35. Rf1 Qh8 36. Ne3 Rxh3 37. Bxh3 Qxh3 38. Qg2 fxe3 39. Rf3 Qxg2+ 40. Kxg2 e2 41. Rxg3+ Bg4 0-1

[Event "Perth AUS Open"]
[Site "?"]
[Date "2023.01.05"]
[Round "6.13"]
[White "Kelly, Adam"]
[Black "Chinbat, Chinguun"]
[Result "1-0"]
[WhiteElo "2006"]
[BlackElo "1787"]
[PlyCount "107"]
[EventDate "2023.01.??"]
[EventRounds "11"]
[EventCountry "AUS"]
[SourceVersionDate "2023.01.02"]

1. d4 d5 2. c4 e6 3. Nf3 Nf6 4. g3 b6 5. Bg2 Bb7 6. Ne5 c6 7. O-O Bd6 8. cxd5 exd5 9. Nd2 O-O 10. Ndf3 Nbd7 11. Bf4 Qc7 12. Rc1 c5 13. Qa4 Rfe8 14. Rfe1 Nf8 15. dxc5 bxc5 16. Nd3 Ne6 17. Bxd6 Qxd6 18. Nd2 a5 19. Qa3 Qa6 20. Nxc5 Nxc5 21. Qxc5 Rac8 22. Qd4 Rxc1 23. Rxc1 Qxe2 24. Bf1 Qe6 25. Qa7 Ba8 26. Qxa5 d4 27. Bg2 Bxg2 28. Kxg2 Qe2 29. h3 Ne4 30. Nxe4 Qxe4+ 31. Kg1 Qe2 32. Qd5 Qxb2 33. Rc7 Qa1+ 34. Kg2 Rf8 35. Rd7 d3 36. Qb3 g6 37. Rxd3 Re8 38. Rf3 Re7 39. a4 Qe5 40. Re3 Qd6 41. Rxe7 Qxe7 42. Qd5 h5 43. h4 Kg7 44. Qd4+ Kh7 45. a5 Qb7+ 46. Kh2 f5 47. Qb6 Qf3 48. a6 Qg4 49. Qb7+ Kh6 50. a7 f4 51. a8=Q fxg3+ 52. fxg3 Qe2+ 53. Qg2 Qe5 54. Qd2+ 1-0

[Event "Perth AUS Open"]
[Site "?"]
[Date "2023.01.05"]
[Round "6.14"]
[White "Lakner, Jay"]
[Black "Rice, Leah"]
[Result "0-1"]
[WhiteElo "2060"]
[BlackElo "1403"]
[PlyCount "68"]
[EventDate "2023.01.??"]
[EventRounds "11"]
[EventCountry "AUS"]
[SourceVersionDate "2023.01.02"]

1. f4 d5 2. Nf3 Nf6 3. g3 Bf5 4. Bg2 e6 5. O-O c6 6. h3 Bd6 7. d3 Qb6+ 8. Kh2 h6 9. Nh4 Bh7 10. e4 Be7 11. e5 Nfd7 12. Qg4 g5 13. fxg5 hxg5 14. Rxf7 Kxf7 15. Qh5+ Kg7 16. Bxg5 Bf5 17. Nxf5+ exf5 18. Bf6+ Nxf6 19. Qg5+ Kf7 20. Qxf5 Rh5 21. e6+ Kg7 22. Qf4 Qxb2 23. Qc7 Kf8 24. Nd2 Ng4+ 25. Kh1 Qxa1+ 26. Nf1 Qd4 27. Qc8+ Kg7 28. Qxb7 Nf2+ 29. Kh2 Kf6 30. Qxa8 Nxh3 31. g4 Qg1+ 32. Kg3 Qf2+ 33. Kh2 Nf4+ 34. gxh5 Qxg2# 0-1